| 000 | 00349nam a22001457a 4500 | ||
|---|---|---|---|
| 008 | 210429b ||||| |||| 00| 0 eng d | ||
| 020 | _a9780881339635 | ||
| 041 | _aeng | ||
| 080 | _a82 | ||
| 082 | _a82 | ||
| 100 | _a21 | ||
| 101 | _aGJL | ||
| 245 |
_aIn Nonnengarten An Anthology of German Women's Writing 1850-1907 _cStott,M |
||
| 942 |
_2udc _cBK |
||
| 999 |
_c56939 _d56939 |
||